Every Person who Scored a Goal in the FIFA 2014 World Cup - Statistics

General Stats
  • This quiz has been taken 5 times
  • The average score is 57 of 116
Answer Stats
Country Person % Correct
Ghana Andre Ayew
100%
Germany Andre Schurrle
100%
Netherlands Arjun Robben
100%
Portugal Christiano Ronaldo
100%
Switzerland Granit Xhaka
100%
Colombia James Rodriguez
100%
Belgium Kevin De Bruyne
100%
Germany Mario Gotze
100%
Germany Miroslav Klose
100%
Brazil Neymar
100%
France Olivier Giroud
100%
Brazil Oscar
100%
Netherlands Robin van Persie
100%
Belgium Romelu Lukaku
100%
Germany Thomas Muller
100%
Australia Tim Cahill
100%
England Wayne Rooney
100%
Chile Alexis Sanchez
80%
Costa Rica Bryan Ruiz
80%
Brazil David Luiz
80%
Spain David Villa
80%
Bosnia and Herzegovina Edin Dzeko
80%
Uruguay Edinson Cavani
80%
Ecuador Enner Valencia
80%
Spain Fernando Torres
80%
Brazil Fred
80%
Croatia Ivan Perisic
80%
Mexico Javier Hernandez
80%
France Karim Benzema
80%
Argentina Lionel Messi
80%
Uruguay Luis Suarez
80%
Croatia Mario Mandzukic
80%
Germany Mesut Ozil
80%
France Paul Pogba
80%
South Korea Son Heung-min
80%
Germany Toni Kroos
80%
Switzerland Xherdan Shaqiri
80%
Argentina Angel Di Maria
60%
Ghana Asamoah Gyan
60%
United States Clint Dempsey
60%
Netherlands Daley Blind
60%
Argentina Gonzalo Higuain
60%
Algeria Islam Slimani
60%
Belgium Jan Vertonghen
60%
Costa Rica Joel Campbell
60%
Colombia Juan Cuadrado
60%
South Korea Lee Keun-ho
60%
Netherlands Leroy Fer
60%
Belgium Marouane Fellaini
60%
France Mathieu Valbuena
60%
Germany Mats Hummels
60%
Netherlands Memphis Depay
60%
Bosnia and Herzegovina Miralem Pjanic
60%
Portugal Nani
60%
Netherlands Wesley Sneijder
60%
Nigeria Ahmed Musa
40%
France Blaise Matuidi
40%
England Daniel Sturridge
40%
Uruguay Diego Godin
40%
Belgium Divock Origi
40%
Belgium Dries Mertens
40%
Brazil Fernandinho
40%
Ivory Coast Gervinho
40%
Switzerland Harris Seferovic
40%
Colombia Jackson Martinez
40%
Japan Keisuke Honda
40%
Netherlands Klaas-Jan Huntelaar
40%
Argentina Marcos Rojo
40%
Italy Mario Balotelli
40%
Mexico Rafael Marquez
40%
Japan Shinji Okazaki
40%
Brazil Thiago Silva
40%
Ivory Coast Wilfried Bony
40%
Algeria Abdelmoumene Djabou
20%
Switzerland Admir Mehmedi
20%
Russia Aleksandr Kerzhakov
20%
Greece Andreas Samaris
20%
Mexico Andres Guardado
20%
Italy Claudio Marchisio
20%
Chile Eduardo Vargas
20%
Netherlands Georginio Wijnaldum
20%
Greece Georgios Samaras
20%
Mexico Giovani dos Santos
20%
Croatia Ivica Olic
20%
Chile Jean Beausejour
20%
Cameroon Joel Matip
20%
United States John Brooks
20%
Chile Jorge Valdivia
20%
Spain Juan Mata
20%
Colombia Juan Quintero
20%
United States Julian Green
20%
Costa Rica Marco Urena
20%
Australia Mile Jedinak
20%
France Moussa Sissoko
20%
Mexico Oribe Peralta
20%
Costa Rica Oscar Duarte
20%
Colombia Pablo Armero
20%
Algeria Rafik Halliche
20%
Algeria Sofiane Feghouli
20%
Netherlands Stefan de Vrij
20%
Spain Xabi Alonso
20%
Algeria Yacine Brahimi
20%
Russia Aleksandr Kokorin
0%
Bosnia and Herzegovina Avdija Vrsajevic
0%
Switzerland Blerim Dzemaili
0%
Honduras Carlo Costly
0%
Chile Charles Aranguiz
0%
United States Jermaine Jones
0%
South Korea Koo Ja-cheol
0%
Nigeria Peter Odemwingie
0%
Iran Reza Ghoochannejhad
0%
Germany Sami Khedria
0%
Portugal Silvestre Varela
0%
Greece Sokratis Papastathopoulos
0%
Colombia Teofilo Gutierrez
0%
Bosnia and Herzegovina Vedad Ibisevic
0%
No matching quizzes found
Score Distribution
Percent of People with Each Score
Percentile by Number Answered
Your Score History
You have not taken this quiz